000 00552nam a2200181Ia 4500
008 090123s9999 xx 000 0 und d
082 _b166
100 _aकाणेकर अनंत
245 _aखडक कोरतात आकाश
250 _a1
260 _bदेशमुख रा.ज.
300 _a151
600 _aकाणेकर अनंत
630 _aखडक कोरतात आकाश
700 _aकाणेकर अनंत
730 _aखडक कोरतात आकाश
942 _cBOOK
999 _c38254
_d38254